[Event "Rio de Janeiro Sartori Memorial 2nd"]
[Site "Rio de Janeiro"]
[Date "2018.07.24"]
[Round "6"]
[White "De Carvalho, Irahy Ribeiro"]
[Black "Rodrigues, Job"]
[Result "0-1"]
[WhiteElo "1547"]
[BlackElo "1285"]
[PlyCount "100"]
[EventDate "2018.06.19"]
[EventType "swiss"]
[EventRounds "6"]
[EventCountry "BRA"]
[SourceTitle "EXT 2019"]
[Source "ChessBase"]
[SourceDate "2018.10.10"]
[SourceVersion "1"]
[SourceVersionDate "2018.10.10"]
[SourceQuality "1"]

1. e4 d6 2. Nf3 Nf6 3. Bc4 Nxe4 4. 0-0 g6 5. d3 Nf6 6. Ng5 d5 7. Bb3 Bg7 8. c4 0-0 9. Nc3 c6 10. h3 d4 11. Ne2 c5 12. Ng3 Nc6 13. a3 e5 14. N5e4 Nxe4 15. Nxe4 b6 16. Bg5 f6 17. Bd2 f5 18. Bg5 Qc7 19. Ng3 h6 20. Bd2 f4 21. Ne4 Qe7 22. Qf3 Bd7 23. Ba2 Rae8 24. Rab1 a5 25. Kh2 g5 26. g4 fxg3+ 27. Qxg3 Rf7 28. b4 axb4 29. axb4 Ref8 30. f3 Bf5 31. Kg2 Nxb4 32. Bxb4 Bxe4 33. fxe4 Rxf1 34. Rxf1 Rxf1 35. Kxf1 Qf7+ 36. Kg2 cxb4 37. Qf3 Qxf3+ 38. Kxf3 Kf8 39. Kg4 Ke7 40. Kf5 Kd6 41. Kg6 Bf8 42. Kf7 Be7 43. Kg6 Bf8 44. Kf7 Be7 45. Kg7 h5 46. Bb3 g4 47. hxg4 hxg4 48. Bd1 g3 49. Bf3 b3 50. Kf7 b2 0-1